Statistiques concernant Quiz PSG

Cliquez ici pour prendre le quiz!

Statistiques générales

  • Ce quiz a été pris 159 fois
  • Le résultat moyen est 8 sur 10

Statistiques - réponses

HintRéponse% Correct
En quelle année le club a-t-il été racheté ?2011
98%
Le nom du stadeParc des Princes
98%
Meilleur buteur du clubKylian Mbappe
97%
En quelle année le PSG est-il allé en finale de champions league2020
96%
En quelle année fut créé le club ?1970
89%
Coach actuel (mars 2024)Luis Enrique
87%
Meilleur passeur du clubAngel Di Maria
86%
Combien le PSG a-t-il dépenser pour acheter Neymar Jr222M
78%
Président du clubNasser Al-Khelaifi
64%
Qui est le premier titi parisien a avoir été capitainePresnel Kimpembe
50%

Distribution des résultats

Percentile par nombre de réponses

% des personnes avec chaque résultat

Votre développement - résultats

Vous n’avez pas pris ce quiz